Women in Science and Technology Careers : Background Analysis and Legislative Concern.

Presents an analysis of barriers, opportunities, and salaries for women seeking careers in science and technology. Includes details on handicapped and minority women, government and non-government programs, and legislation introduced in the 96th Congress. Includes tables.

Bibliographic Details
Corporate Authors: Library of Congress. Congressional Research Service, ProQuest (Firm)
Format: eBook
Language:English
Published: [Place of publication not identified] : [publisher not identified], 1980.
Series:U.S. Congressional Research.
Subjects:
Online Access:Connect to the full text of this electronic book

MARC

Tag First Indicator Second Indicator Subfields
LEADER 00000cam a22000001a 4500
001 in00003373449
006 m d f
007 cr bn mmmapmmp
008 100612s1980 dcu o f000 0 eng d
005 20260501143539.6
035 |a cis2007877705 
040 |a ProQuest  |c ProQuest  |d UtOrBLW 
043 |a n-us--- 
099 |a CRS-1980-SPR-0019 
110 2 |a Library of Congress.  |b Congressional Research Service. 
245 1 0 |a Women in Science and Technology Careers :  |b Background Analysis and Legislative Concern. 
264 1 |a [Place of publication not identified] :  |b [publisher not identified],  |c 1980. 
300 |a 1 online resource. 
336 |a text  |b txt  |2 rdacontent 
337 |a computer  |b c  |2 rdamedia 
338 |a online resource  |b cr  |2 rdacarrier 
500 |a Record is based on bibliographic data in ProQuest U.S. Congressional Research Digital Collection (last viewed June 2010). Reuse except for individual research requires license from ProQuest, LLC. 
500 |a CRS Report. 
520 |a Presents an analysis of barriers, opportunities, and salaries for women seeking careers in science and technology. Includes details on handicapped and minority women, government and non-government programs, and legislation introduced in the 96th Congress. Includes tables. 
500 |a Electronic resource. 
610 1 0 |a United States.  |t Laws, etc. (Statutes of the United States) 
650 0 |a People with disabilities. 
650 0 |a Science. 
655 7 |a Electronic books.  |2 local 
710 2 |a ProQuest (Firm) 
776 0 8 |i Microfiche version:   |a Library of Congress. Congressional Research Service.  |t Women in Science and Technology Careers 
830 0 |a U.S. Congressional Research. 
856 4 0 |u http://proxy.library.tamu.edu/login?url=https://congressional.proquest.com/congcomp/getdoc?CRDC-ID=CRS-1980-SPR-0019  |z Connect to the full text of this electronic book  |t 0 
999 |a MARS 
999 f f |s 8fb16c92-02d3-301a-9945-1ce5737a556c  |i f17887ef-72ce-3ead-b19e-b959e4fae9fa  |t 0 
952 f f |a Texas A&M University  |b College Station  |c Electronic Resources  |s www_evans  |d Available Online  |t 0  |e CRS-1980-SPR-0019  |h Other scheme 
998 f f |a CRS-1980-SPR-0019  |t 0  |l Available Online